000 00454nam a22001577a 4500
003 Macl
005 20250703134554.0
008 250703b |||||||| |||| 00| 0 eng d
040 _cMacl
082 _a891.433
100 _aकौल मानव
_983196
245 _aसाक्षात्‍कार
260 _aनोएडा
_bहिंद युग्‍म
_c२०२४
650 _aउपन्‍याास
_983198
942 _2ddc
_cHIN
999 _c67980
_d67980